000 00941nam a22002177a 4500
999 _c1199
_d1199
003 AR-CdUCM
008 190226b ||||| |||| 00| 0 spa d
040 _aMUNICIPALIDAD PROVINCIAL DEL CUSCO
_cBIBLIOTECA MUNICIPAL DEL CUSCO
082 _a370.12 /
_bN29
100 _aNavarro Peña, Elsa
_94679
245 _aCorrientes pedagógicas contemporáneas en el avance científico del conocimiento /
260 _aLima :
_b[Kopy Graf E.I.R.Ltda.],
_c[2007].
300 _a209 páginas ;
_c20.7 cm.
505 _aContenido: Educación -- La pedagogía y principios pedagógicos -- Modelos pedagógicos -- Corrientes pedagógicas contemporáneas en el avance científico del conocimiento ...
650 _aEducación - Filosofía
_94680
650 _aInnovaciones educativas - Investigación.
_94681
650 _apedagogía
_91560
700 _aSoto Alcántara, Adrián (Coautor)
_94682
942 _2ddc
_cLIBROS
945 _alccs
_d2019-02-26